Classical mechanics simulations
Salvato in:
| Autori principali: | , |
|---|---|
| Natura: | Libro |
| Lingua: | inglese |
| Pubblicazione: |
Nueva York
John Wiley
1995
|
| Serie: | The Consortium for Upper-Level Physics Software
|
| Soggetti: | |
| Tags: |
Aggiungi Tag
Nessun Tag, puoi essere il primo ad aggiungerne!!
|
MARC
| LEADER | 00000nam a2200000 a 4500 | ||
|---|---|---|---|
| 001 | UCP5715 | ||
| 003 | CL-VaPUC | ||
| 008 | 990927e19950000US |||||||||||||||||eng|d | ||
| 082 | 0 | 4 | |a 530.078 |b HAW |2 21 |
| 100 | 0 | |a Hawkins, Bruce |e author |9 434248 | |
| 700 | 0 | |a Jones, Randall S |e author |9 434249 | |
| 245 | 1 | 0 | |a Classical mechanics simulations |
| 300 | |a 143 p | ||
| 942 | |c BK | ||
| 945 | |d 19990927 00:00:00 |a vberengu | ||
| 260 | |a Nueva York |b John Wiley |c 1995 | ||
| 500 | |a Incluye disquette | ||
| 650 | 0 | |a Mecánica |9 260096 | |
| 650 | 0 | |a Mecánica clásica |9 368211 | |
| 650 | 7 | |a MODELOS DE SIMULACION |2 CL-VaPUC |9 434250 | |
| 650 | 0 | |a Proceso de datos |9 259776 | |
| 583 | |a last modification |c 19990927 00:00:00 |k Rodrigo Vera | ||
| 490 | 0 | |a The Consortium for Upper-Level Physics Software | |
| 999 | |c 283388 |d 283386 | ||
| 952 | |0 0 |1 0 |4 0 |6 530_078000000000000_HAW_1995 |7 0 |8 A |9 326522 |a BIBCUR |b BIBCUR |d 2019-11-20 |i 3531759 |o 530.078 HAW 1995 |p 3531759 |r 2025-04-22 |w 2019-11-20 |y BK |k FIS | ||